000 00627nam a2200169 i 4500
001 56462
003 ES-MaACL
005 20230906163356.0
007 t|
008 031009s1933 mx ||||1| spa d
245 0 0 _aDictamen de la Comisión técnica consultiva de la Secretaría de Educación Pública acerca de la educación sexual.
260 _aMéxico :
_bLa Nación,
_c1933.
300 _a18 p. ;
_c22 cm.
500 _aPrecede al tít.: Secretaría de Educación Pública. Departamento de Enseñanza Primaria y Normal.
710 1 _aMéxico.
_bSecretaría de Educación Pública.
_95705
852 _aES-MaACL
_j1793-F-12
999 _c56462
_d56462